Adler's Physiology of the Eye : (Record no. 1805)

MARC details
000 -LEADER
fixed length control field 01020cam a22003134a 4500
001 - CONTROL NUMBER
control field 12795456
003 - CONTROL NUMBER IDENTIFIER
control field OSt
005 - DATE AND TIME OF LATEST TRANSACTION
control field 20240513173520.0
008 - FIXED-LENGTH DATA ELEMENTS--GENERAL INFORMATION
fixed length control field 020530s2003 moua b 001 0 eng
010 ## - LIBRARY OF CONGRESS CONTROL NUMBER
LC control number 2002071828
020 ## - INTERNATIONAL STANDARD BOOK NUMBER
International Standard Book Number 0323011365
035 ## - SYSTEM CONTROL NUMBER
System control number (DNLM)101146688
040 ## - CATALOGING SOURCE
Original cataloging agency DNLM/DLC
Transcribing agency DLC
Modifying agency DLC
042 ## - AUTHENTICATION CODE
Authentication code pcc
050 00 - LIBRARY OF CONGRESS CALL NUMBER
Classification number RE67
Item number .A32 2003
060 10 - NATIONAL LIBRARY OF MEDICINE CALL NUMBER
Classification number WW 103
Item number A238 2002
082 00 - DEWEY DECIMAL CLASSIFICATION NUMBER
Classification number WW 103 A23p 2002
Edition number 21
100 ## - MAIN ENTRY--PERSONAL NAME
Personal name Edited by Kaufman, Paul L.; Alm, A.; Adler, Francis Heed,
9 (RLIN) 16980
245 00 - TITLE STATEMENT
Title Adler's Physiology of the Eye :
Remainder of title clinical application
250 ## - EDITION STATEMENT
Edition statement 10th ed.
260 ## - PUBLICATION, DISTRIBUTION, ETC. (IMPRINT)
Place of publication, distribution, etc. St. Louis;
Name of publisher, distributor, etc. Mosby,
Date of publication, distribution, etc. c2003.
300 ## - PHYSICAL DESCRIPTION
Extent xvii, 876 p. :
Other physical details ill. ;
Dimensions 27 cm.
504 ## - BIBLIOGRAPHY, ETC. NOTE
Bibliography, etc Includes bibliographical references, & index.
650 #0 - SUBJECT ADDED ENTRY--TOPICAL TERM
Topical term or geographic name as entry element Eye Physiology
9 (RLIN) 4752
650 12 - SUBJECT ADDED ENTRY--TOPICAL TERM
Topical term or geographic name as entry element Ocular Physiology.
9 (RLIN) 4753
906 ## - LOCAL DATA ELEMENT F, LDF (RLIN)
a 7
b cbc
c orignew
d 1
e ocip
f 20
g y-gencatlg
942 ## - ADDED ENTRY ELEMENTS (KOHA)
Source of classification or shelving scheme Other/Generic Classification Scheme
Koha item type Short Loan
Holdings
Withdrawn status Lost status Source of classification or shelving scheme Damaged status Not for loan Home library Current library Date acquired Source of acquisition Inventory number Total Checkouts Full call number Barcode Date last seen Koha item type
    Other/Generic Classification Scheme     MUST Main Library MUST Main Library 20/05/2015 Purchase 04/21091   WW 103 A23p 2002 2015-1488 20/05/2015 Short Loan